000 00355 a2200157 4500
001 151598
040 _cEscola São Tomás de Aquino
100 _aDEARY, Terry
240 1 0 _aEspantosos Egípcios
_lpor
245 1 0 _aEspantosos Egípcios
300 _a128
362 0 _a2007
440 1 _aMelhoramentos
697 _a*LITERATURA JUVENIL
942 _cBK
999 _c151598
_d151598